000
00302nam a2200121 a 4500
005
20140414131928.0
008
101103s19uu xx 00 eng d
050
_a
FIL
_b
M11 2008
100
_a
Calma, Rosario
245
_a
Ang mabait na kalabaw.
260
_a
Manila :
_b
Adarna,
_c
2008.
999
_c
112156
_d
112156